<?xml version="1.0" encoding="UTF-8"?>
<collection xmlns="http://www.loc.gov/MARC21/slim">
 <record>
  <leader>04416ntm a22004937a 4500</leader>
  <controlfield tag="001">000196437</controlfield>
  <controlfield tag="003">CZ-PrVSE</controlfield>
  <controlfield tag="005">20110620175452.0</controlfield>
  <controlfield tag="006">m        d</controlfield>
  <controlfield tag="007">cr n||||||||||</controlfield>
  <controlfield tag="008">110620s2010    xr     fsbm   000 0 cze d</controlfield>
  <datafield tag="STA" ind1=" " ind2=" ">
   <subfield code="a">NEZPRACOVANÝ IMPORT</subfield>
  </datafield>
  <datafield tag="040" ind1=" " ind2=" ">
   <subfield code="a">ABA006</subfield>
   <subfield code="b">cze</subfield>
   <subfield code="c">ABA006</subfield>
   <subfield code="d">ABA006</subfield>
  </datafield>
  <datafield tag="100" ind1="1" ind2=" ">
   <subfield code="a">Landa, Josef</subfield>
   <subfield code="%">ISIS:37099</subfield>
   <subfield code="4">dis</subfield>
  </datafield>
  <datafield tag="245" ind1="1" ind2="0">
   <subfield code="a">Klimatické změny a jejich vliv na pojišťovnictví</subfield>
   <subfield code="h">[elektronický zdroj] /</subfield>
   <subfield code="c">Josef Landa</subfield>
  </datafield>
  <datafield tag="260" ind1=" " ind2=" ">
   <subfield code="c">2010</subfield>
  </datafield>
  <datafield tag="300" ind1=" " ind2=" ">
   <subfield code="a">?? s. :</subfield>
   <subfield code="3">digital, PDF soubor</subfield>
  </datafield>
  <datafield tag="500" ind1=" " ind2=" ">
   <subfield code="a">Vedoucí práce: Jaroslav Daňhel</subfield>
  </datafield>
  <datafield tag="504" ind1=" " ind2=" ">
   <subfield code="a">Obsahuje bibliografii</subfield>
  </datafield>
  <datafield tag="516" ind1=" " ind2=" ">
   <subfield code="a">Textový (vysokoškolská kvalifikační práce)</subfield>
  </datafield>
  <datafield tag="520" ind1="3" ind2=" ">
   <subfield code="a">Změna klimatu je dle většiny vědců nespornou skutečností, avšak stále nebylo s dostatečnou přesností zjištěno, jakou měrou jsou změny ovlivněny antropogenní činností a jak přírodními cykly. Svoji významnou roli ve změně klimatu hrají skleníkové plyny. Jejich hromaděním v atmosféře dochází k mnoha negativním efektům. Jedním z nich může být globální oteplování. Ve snaze snížit emise skleníkových plynů se konala celá řada konferencí, při kterých bylo hledáno řešení pro postupné snižování skleníkových plynů. Podle předních vědců bude mít změna klimatu za následek nejspíše intenzivnější přírodní katastrofy. Především má přibývat tropických cyklón, intenzivnějších such nebo docházet ke změnám rozložení dešťových srážek. Budoucí projekce jsou ale zatím velice nejisté, modely vytvořené různými nadvládními organizacemi se zatím na budoucích důsledcích s jistotou neshodují. Zvýšený počet přírodních katastrof je však již nyní znatelný, jak z hlediska pojištěných škod, ekonomických ztrát tak počtu událostí. Tento trend může být způsoben jak zvyšováním pojištěnosti, zvyšováním koncentrace ekonomických hodnot, tak zvyšující se migrací do ohrožených oblastí. Svoji roli zde může hrát však také změna klimatu, která mění přírodní podmínky a tím vystavuje oblasti dosud neobvyklým okolnostem a může zvyšovat rizikovost oblasti. Pojišťovnictví se proto musí intenzivně zabývat budoucími změnami pro zajištění své ekonomické stability. Zvyšující se pojistné plnění vystavuje pojišťovny většímu riziku nedostatečné kapitálové vybavenosti. Z tohoto důvodu jsou hledány způsoby pro ještě větší diverzifikaci rizika nežli doposud. Spolupráce mezi veřejným a soukromým sektorem je jedním z nich a je životaschopným řešením při rizicích soukromým sektorem téměř nepojistitelný</subfield>
  </datafield>
  <datafield tag="520" ind1="8" ind2=" ">
   <subfield code="a">Investoři v zájmu diverzifikace svého portfolia a atraktivní výnosnosti mohou participovat na vývoji přírodních katastrof pomocí katastrofických dluhopisů a jiných nástrojů. Při velkém množství katastrof investoři neobdrží kupónovou platbu, je jim snížena, či neobdrží ani jmenovitou hodnotu dluhopisu. Tím je negativní dopad přírodní katastrofy rozložen mezi více subjektů, je sníženo riziko krachu jednotlivých účastníků a zvyšuje se pravděpodobnost vypořádání všech vzniklých škod</subfield>
  </datafield>
  <datafield tag="538" ind1=" " ind2=" ">
   <subfield code="a">Způsob přístupu: Internet</subfield>
  </datafield>
  <datafield tag="502" ind1=" " ind2=" ">
   <subfield code="a">Diplomová práce (Ing.)—Vysoká škola ekonomická v Praze. Fakulta financí a účetnictví, 2011</subfield>
  </datafield>
  <datafield tag="518" ind1=" " ind2=" ">
   <subfield code="a">Rok obhajoby 2011</subfield>
  </datafield>
  <datafield tag="690" ind1=" " ind2=" ">
   <subfield code="a">klimatické změny</subfield>
  </datafield>
  <datafield tag="690" ind1=" " ind2=" ">
   <subfield code="a">katastrofické dluhopisy</subfield>
  </datafield>
  <datafield tag="690" ind1=" " ind2=" ">
   <subfield code="a">přírodní katastrofy</subfield>
  </datafield>
  <datafield tag="653" ind1="0" ind2=" ">
   <subfield code="a">bankovnictví a pojišťovnictví [obor dipl. práce]</subfield>
  </datafield>
  <datafield tag="655" ind1=" " ind2="7">
   <subfield code="a">diplomové práce</subfield>
   <subfield code="7">fd132022</subfield>
   <subfield code="2">czenas</subfield>
  </datafield>
  <datafield tag="655" ind1=" " ind2="9">
   <subfield code="a">master's theses</subfield>
   <subfield code="2">eczenas</subfield>
  </datafield>
  <datafield tag="700" ind1="1" ind2=" ">
   <subfield code="a">Daňhel, Jaroslav,</subfield>
   <subfield code="d">1943-2025</subfield>
   <subfield code="7">xx0005076</subfield>
   <subfield code="4">ths</subfield>
  </datafield>
  <datafield tag="700" ind1="1" ind2=" ">
   <subfield code="a">Kiovský, Tomáš</subfield>
   <subfield code="%">ISIS:35551</subfield>
   <subfield code="4">opn</subfield>
  </datafield>
  <datafield tag="710" ind1="2" ind2=" ">
   <subfield code="a">Vysoká škola ekonomická v Praze.</subfield>
   <subfield code="b">Fakulta financí a účetnictví</subfield>
   <subfield code="7">kn20010709398</subfield>
  </datafield>
  <datafield tag="856" ind1="4" ind2="0">
   <subfield code="u">https://isis.vse.cz/zp/23184/podrobnosti</subfield>
   <subfield code="y">VŠKP v InSIS</subfield>
  </datafield>
  <datafield tag="856" ind1="4" ind2="0">
   <subfield code="u">https://isis.vse.cz/zp/23184</subfield>
   <subfield code="y">Hlavní práce</subfield>
  </datafield>
  <datafield tag="856" ind1="4" ind2="0">
   <subfield code="u">https://isis.vse.cz/zp/23184/posudek/vedouci</subfield>
   <subfield code="y">Hodnocení vedoucího</subfield>
  </datafield>
  <datafield tag="856" ind1="4" ind2="0">
   <subfield code="u">https://isis.vse.cz/zp/23184/posudek/oponent/21577</subfield>
   <subfield code="y">Oponentura</subfield>
  </datafield>
  <datafield tag="999" ind1="4" ind2="0">
   <subfield code="u">http://isis.vse.cz/zp/88069/podrobnosti</subfield>
   <subfield code="y">dc:identifier</subfield>
  </datafield>
  <datafield tag="993" ind1=" " ind2=" ">
   <subfield code="x">NEPOSILAT</subfield>
   <subfield code="y">VSKP</subfield>
  </datafield>
  <datafield tag="999" ind1="4" ind2="5">
   <subfield code="x">88069</subfield>
  </datafield>
  <datafield tag="999" ind1="4" ind2="9">
   <subfield code="a">vse23184</subfield>
   <subfield code="b">110610</subfield>
  </datafield>
 </record>
</collection>
